Ema a její kouzelná zoo. Nesmělá vydra /
Další příběh Emy, která s maminkou bydlí v zoo a rozumí řeči zvířat.
Uloženo v:
| Série: | Ema a její kouzelná zoo,
část 14 |
|---|---|
| Hlavní autor: | |
| Další autoři: | , |
| Médium: | E-kniha |
| Jazyk: | Czech |
| Vydáno: |
V Praze :
Fragment,
2023
|
| Vydání: | 1. vydání |
| Témata: | |
| Příbuzné jednotky: | Přeloženo z:
Zoe's rescue zoo Z cyklu:: Ema a její kouzelná zoo |
| Tagy: |
Žádné tagy |
| LEADER | 02606nam a2200529 i 4500 | ||
|---|---|---|---|
| 001 | 312069 | ||
| 003 | CZ PrSKC | ||
| 005 | 20260601215716.0 | ||
| 007 | ta | ||
| 008 | 230821s2023 xr a b 000 j cze | ||
| 015 | |a cnb003544450 | ||
| 020 | |a 9788025363621 |q (vázáno) : |c Kč 199,00 | ||
| 035 | |a (OCoLC)1402155736 | ||
| 040 | |a ABG001 |b cze |d ABA001 |e rda | ||
| 041 | 1 | |a cze |h eng | |
| 072 | 7 | |a 821.111-3 |x Anglická próza, anglicky psaná |2 Konspekt | |
| 072 | 7 | |a 821-93 |x Literatura pro děti a mládež (beletrie) |2 Konspekt | |
| 080 | |a 821.111-32 |2 MRF | ||
| 080 | |a 821-93 |2 MRF | ||
| 080 | |a (0:82-32) |2 MRF | ||
| 100 | 1 | |a Cobb, Amelia |7 xx0217911 |4 aut | |
| 240 | 1 | 0 | |a Scruffy sea otter. |l Česky |
| 245 | 1 | 0 | |a Ema a její kouzelná zoo. |p Nesmělá vydra / |c Amelia Cobb ; z anglického originálu Zoe's rescue zoo - The scruffy sea otter přeložila Eva Brožová |
| 246 | 3 | 0 | |a Nesmělá vydra |
| 250 | |a 1. vydání | ||
| 264 | 1 | |a V Praze : |b Fragment, |c 2023 | |
| 300 | |a 103 stran : |b ilustrace ; |c 20 cm | ||
| 336 | |a text |b txt |2 rdacontent | ||
| 337 | |a bez média |b n |2 rdamedia | ||
| 338 | |a svazek |b nc |2 rdacarrier | ||
| 500 | |a Ilustrovala Sophy Williams | ||
| 520 | 2 | |a Další příběh Emy, která s maminkou bydlí v zoo a rozumí řeči zvířat. |b Do Záchranné zoo strýčka Horáce přivezli tři nádherná vydří mláďata. Není se tedy čemu divit, když dvě vyberou, aby účinkovala při komentovaném krmení a dovádění ve vydřím výběhu. Jejich sestřičce Saše je líto, že ona součástí vystoupení není, a Ema by jí ráda dodala kuráž. Nakladatelská anotace. Kráceno. | |
| 521 | 8 | |a Pro čtenáře od 7 let | |
| 655 | 7 | |a anglické příběhy |7 fd131813 |2 czenas | |
| 655 | 7 | |a publikace pro děti |7 fd133156 |2 czenas | |
| 655 | 9 | |a English stories |2 eczenas | |
| 655 | 9 | |a children's literature |2 eczenas | |
| 700 | 1 | |a Brožová, Eva |7 jn20010309864 |4 trl | |
| 700 | 1 | |a Williams, Sophy |7 xx0032999 |4 ill | |
| 765 | 0 | |t Zoe's rescue zoo | |
| 787 | 0 | 8 | |i Z cyklu: |t Ema a její kouzelná zoo |g 14 |
| 900 | |a ABA001 |b 20 | ||
| 928 | 9 | |a Albatros Media - Fragment | |
| 044 | |a xr | ||
| 910 | |a RBIT002 | ||
| 998 | |d 385487 |a https://core.palmknihy.cz/api/books/385487/cover?si63fa |b https://core.palmknihy.cz/api/books/385487/cover/400?si63fa |c https://core.palmknihy.cz/api/books/385487/cover/50?si63fa |e 2029-10-11 |g 120 |i 9788025363621 |j https://core.palmknihy.cz/api/books/385487/preview.epub |k https://core.palmknihy.cz/api/books/385487/preview.pdf |l |q 49 |r 1 |s https://www.palmknihy.cz/kniha/385487 |t ebook |y 2023 |z 0 |v Ema a její kouzelná zoo |w 14 | ||
| 999 | |d 312067 | ||